000 00695nam a2200289Ia 4500
005 20260324123902.0
008 008 260324s9999 xx 000 0 eng d
020 _a9781315605692
037 _aEBOOK
040 _aCRL
040 _beng
040 _cCRL
041 _2eng
041 _aeng
084 _qCRL
100 _aErik Hollnagel; Jean Pariès; John Wreathall
_91172025
245 0 _aResilience Engineering in Practice
245 2 _bA Guidebook
260 _bTaylor and Francis
260 _c2011
365 _a
365 _b355
856 _uhttp://www.taylorfrancis.com/books/9781315605692
942 _cEBOOK
999 _c1765922
_d1765922